Futurologické prvky v díle J.A. Komenského.
Charakteristika základných čęt súčasného obdobia vytvárajúcich problémy, ktoré ľudstvo bude musieť neodkladne riešiť. Názory Komenského, že problémy týkajúce sa celého ľudstva musí ľudstvo riešiť v porozumení a spoločne. Charakteristika prognostického charakteru myšlienok J.A. Komenského a jeho hľad...
Salvato in:
| Autore principale: | |
|---|---|
| Natura: | Capitolo di libro |
| Lingua: | ceco |
| Soggetti: | |
| Tags: |
Nessun Tag, puoi essere il primo ad aggiungerne!!
|
MARC
| LEADER | 00000naa a2200000 4500 | ||
|---|---|---|---|
| 001 | r007413 | ||
| 005 | 20220831090740.4 | ||
| 041 | 0 | |a cze | |
| 044 | |a [CS] | ||
| 245 | 1 | 0 | |a Futurologické prvky v díle J.A. Komenského. |c V. Halaxa |
| 520 | |a Charakteristika základných čęt súčasného obdobia vytvárajúcich problémy, ktoré ľudstvo bude musieť neodkladne riešiť. Názory Komenského, že problémy týkajúce sa celého ľudstva musí ľudstvo riešiť v porozumení a spoločne. Charakteristika prognostického charakteru myšlienok J.A. Komenského a jeho hľadania praktických nástrojov celosvetového porozumenia. | ||
| 610 | 2 | 0 | |a futurológia |
| 610 | 2 | 0 | |a Komenský, J.A. |
| 610 | 2 | 0 | |a problémy globálne |
| 610 | 2 | 0 | |a svet |
| 100 | 1 | |a Halaxa, V. | |